[Event "SLO-chT1 East 29th"]
[Site "Slovenia"]
[Date "2019.10.20"]
[Round "9.1"]
[White "Kolar, Branko"]
[Black "Hocevar, Maja"]
[Result "1/2-1/2"]
[WhiteElo "1758"]
[BlackElo "1936"]
[PlyCount "32"]
[EventDate "2019.09.06"]
[EventType "team-tourn"]
[EventRounds "9"]
[EventCountry "SLO"]
[SourceTitle "CBM 192 Extra"]
[Source "Chessbase"]
[SourceDate "2019.11.06"]
[SourceVersion "1"]
[SourceVersionDate "2019.11.06"]
[SourceQuality "1"]
[WhiteTeam "Fram"]
[BlackTeam "Pomgrad Radenska II"]
[WhiteTeamCountry "SLO"]
[BlackTeamCountry "SLO"]

1. d4 d5 2. Nf3 Nf6 3. Bg5 e6 4. e3 Be7 5. Nbd2 0-0 6. Bd3 Nbd7 7. 0-0 b6 8. c3 Bb7 9. Rc1 c5 10. Re1 Rc8 11. Qe2 Re8 12. Qd1 Rf8 13. Qe2 Re8 14. Qd1 Rf8 15. Qe2 Re8 16. Qd1 Rf8 1/2-1/2

[Event "SLO-chT1 East"]
[Site "Slovenia"]
[Date "2019.09.20"]
[Round "4.3"]
[White "Kolar, Branko"]
[Black "Centrih, Aleks"]
[Result "1/2-1/2"]
[WhiteElo "1758"]
[BlackElo "1601"]
[PlyCount "129"]
[EventDate "2019.09.06"]
[EventType "team-tourn"]
[EventRounds "9"]
[EventCountry "SLO"]
[SourceTitle "EXT 2020"]
[Source "ChessBase"]
[SourceDate "2019.10.17"]
[SourceVersion "1"]
[SourceVersionDate "2019.10.17"]
[SourceQuality "1"]
[WhiteTeam "Fram"]
[BlackTeam "Maribor II"]
[WhiteTeamCountry "SLO"]
[BlackTeamCountry "SLO"]

1. d4 Nf6 2. Nf3 g6 3. Bg5 Bg7 4. Nbd2 0-0 5. e3 d6 6. Bd3 Nbd7 7. 0-0 e5 8. c3 h6 9. Bh4 Qe8 10. Qc2 Nh7 11. h3 f5 12. Bg3 e4 13. Bc4+ Kh8 14. Ne1 Nhf6 15. f3 Nb6 16. Be2 Nbd5 17. Bf2 exf3 18. Bxf3 Nxe3 19. Bxe3 Qxe3+ 20. Kh1 d5 21. Nd3 Ne4 22. Bxe4 fxe4 23. Rxf8+ Bxf8 24. Ne5 Kg7 25. Nf1 Qg5 26. Qf2 Qf5 27. Qe3 Qg5 28. Qf2 Qf6 29. Qe3 Bd6 30. Qg3 Bf5 31. Ne3 c6 32. Rf1 Kh7 33. Qf2 Bxe5 34. dxe5 Qxe5 35. Nxf5 gxf5 36. Qxf5+ Qxf5 37. Rxf5 Kg7 38. Kg1 Rf8 39. Re5 Rf6 40. a4 Kf7 41. b4 Re6 42. Rf5+ Ke7 43. a5 Rf6 44. Re5+ Kd6 45. Re8 Rf7 46. Rh8 Ke5 47. Re8+ Kd6 48. Rh8 Ke7 49. Rxh6 e3 50. Rh5 Ke6 51. Rh8 Ke5 52. Re8+ Kf4 53. Kf1 Rg7 54. h4 b6 55. axb6 axb6 56. h5 c5 57. bxc5 bxc5 58. h6 Rh7 59. Re6 d4 60. cxd4 cxd4 61. Ke2 Ra7 62. Kd3 Rh7 63. Re4+ Kf5 64. Rxd4 Rxh6 65. Kxe3 1/2-1/2

[Event "SLO-chT1 East"]
[Site "Slovenia"]
[Date "2018.11.09"]
[Round "7"]
[White "Kolar, Branko"]
[Black "Belsak, Zan"]
[Result "0-1"]
[WhiteElo "1691"]
[BlackElo "2182"]
[PlyCount "74"]
[EventDate "2018.09.28"]
[EventType "team-tourn"]
[EventRounds "9"]
[EventCountry "SLO"]
[SourceTitle "EXT 2021"]
[Source "ChessBase"]
[SourceDate "2020.10.23"]
[SourceVersion "1"]
[SourceVersionDate "2020.10.23"]
[SourceQuality "1"]

1. d4 g6 2. Nf3 Bg7 3. Bg5 d6 4. e3 h6 5. Bh4 f5 6. Bd3 Nc6 7. c3 Nf6 8. Bg3 0-0 9. Nbd2 Nh5 10. Nh4 Qe8 11. Be2 Nf6 12. Qc2 e6 13. Nhf3 Kh8 14. 0-0 g5 15. h3 Bd7 16. Rad1 Ne7 17. Bh2 Bc6 18. Ne1 Rg8 19. g4 h5 20. f3 Qg6 21. Bd3 Raf8 22. e4 Qh6 23. exf5 exf5 24. gxf5 g4 25. Ne4 gxh3 26. Qd2 Bxe4 27. fxe4 Qxd2 28. Rxd2 Bh6+ 29. Rg2 hxg2 30. Nxg2 Ng4 31. Kh1 Nxh2 32. Kxh2 Rg4 33. e5 dxe5 34. dxe5 Rfg8 35. Rf2 Rxg2+ 36. Rxg2 Bf4+ 37. Kh3 Rxg2 0-1

[Event "SLO-chT2 East"]
[Site "Slovenia"]
[Date "2017.10.15"]
[Round "2"]
[White "Kolar, Branko"]
[Black "Modrej, Joze"]
[Result "0-1"]
[WhiteElo "1686"]
[BlackElo "1775"]
[PlyCount "108"]
[EventDate "2017.09.30"]
[EventType "team-tourn"]
[EventRounds "9"]
[EventCountry "SLO"]
[SourceTitle "EXT 2019"]
[Source "ChessBase"]
[SourceDate "2018.10.10"]
[SourceVersion "1"]
[SourceVersionDate "2018.10.10"]
[SourceQuality "1"]

1. d4 e6 2. Nf3 Nf6 3. Bg5 Be7 4. Nbd2 c6 5. c3 d5 6. e3 Nbd7 7. Bd3 a6 8. 0-0 c5 9. Rc1 c4 10. Bb1 b5 11. Re1 h6 12. Bh4 Bb7 13. h3 a5 14. Qe2 Ne4 15. Nxe4 dxe4 16. Bxe7 exf3 17. Bxd8 fxe2 18. Bh4 f6 19. Bg6+ Ke7 20. Rxe2 Nf8 21. Bb1 g5 22. Bg3 Nd7 23. e4 Rhc8 24. f4 b4 25. fxg5 hxg5 26. Bf2 Kf7 27. Be3 Rc7 28. Rf1 Rg8 29. g4 Ke7 30. Bd2 b3 31. a3 Rcc8 32. Ref2 Rcf8 33. Be3 Kd6 34. Kh2 Rh8 35. Kg3 Rhg8 36. Rh2 Rh8 37. Re1 a4 38. Rd2 Ke7 39. e5 Rhg8 40. exf6+ Rxf6 41. Rf2 Rxf2 42. Bxf2 Nf6 43. Re5 Bd5 44. Be3 Kf7 45. Rxg5 Be4 46. Rxg8 Kxg8 47. Bxe4 Nxe4+ 48. Kf4 Nxc3 49. Ke5 Kf7 50. d5 Nxd5 51. Kd4 Nxe3 52. Kc3 Nd1+ 53. Kxc4 Nxb2+ 54. Kc3 Nd1+ 0-1

[Event "SLO-chT1 East"]
[Site "Slovenia"]
[Date "2016.11.27"]
[Round "9"]
[White "Kolar, Branko"]
[Black "Nikl Hutinski, Emanuel"]
[Result "1/2-1/2"]
[WhiteElo "1718"]
[BlackElo "1686"]
[PlyCount "101"]
[EventDate "2016.09.23"]
[EventType "team-tourn"]
[EventRounds "9"]
[EventCountry "SLO"]
[SourceTitle "EXT 2019"]
[Source "ChessBase"]
[SourceDate "2018.10.10"]
[SourceVersion "1"]
[SourceVersionDate "2018.10.10"]
[SourceQuality "1"]
[WhiteTeam "Fram"]
[BlackTeam "Slovenj Gradec"]
[WhiteTeamCountry "SLO"]
[BlackTeamCountry "SLO"]

1. d4 c6 2. Nf3 d5 3. c3 Nf6 4. Bg5 Bf5 5. Nbd2 Nbd7 6. e3 h6 7. Bh4 Qb6 8. Qb3 e6 9. Be2 Ne4 10. Nxe4 Bxe4 11. 0-0 Bd6 12. Nd2 Bg6 13. Rfe1 0-0 14. Bf3 c5 15. Qxb6 Nxb6 16. dxc5 Bxc5 17. Nb3 Na4 18. Nxc5 Nxc5 19. Be7 Rfc8 20. Bxc5 Rxc5 21. Rad1 Rac8 22. Rd4 Ra5 23. Rb4 Rxa2 24. Rxb7 Rc6 25. Rc1 Bd3 26. h4 a5 27. Rd1 Bc2 28. Rd2 Bb1 29. Rd4 a4 30. Rf4 f5 31. Rd4 a3 32. bxa3 Bc2 33. Rxd5 Rc4 34. Rd4 Rxd4 35. cxd4 Rxa3 36. Rc7 Bd3 37. Rc6 Kf7 38. Bh5+ g6 39. Bf3 Ra5 40. Rc7+ Kf6 41. Rh7 h5 42. Bc6 Bb5 43. Rc7 Ra1+ 44. Kh2 Rc1 45. Bxb5 Rxc7 46. Kg3 Rc2 47. Be8 Rc8 48. Bd7 Rd8 49. Bc6 Rd6 50. Bb7 Rb6 51. Ba8 1/2-1/2

[Event "SLO-chT2 East"]
[Site "Slovenia"]
[Date "2015.11.21"]
[Round "9"]
[White "Nemec, Hana"]
[Black "Kolar, Branko"]
[Result "0-1"]
[WhiteElo "1932"]
[BlackElo "1831"]
[PlyCount "114"]
[EventDate "2015.09.05"]
[EventType "team-tourn"]
[EventRounds "9"]
[EventCountry "SLO"]
[SourceTitle "EXT 2019"]
[Source "ChessBase"]
[SourceDate "2018.10.10"]
[SourceVersion "1"]
[SourceVersionDate "2018.10.10"]
[SourceQuality "1"]
[WhiteTeam "Radenska Ljutomer"]
[BlackTeam "Fram"]
[WhiteTeamCountry "SLO"]
[BlackTeamCountry "SLO"]

1. d4 d5 2. c4 c6 3. Nf3 Nf6 4. Nc3 e6 5. Bg5 Be7 6. e3 Nbd7 7. Bd3 dxc4 8. Bxc4 b5 9. Bd3 a6 10. 0-0 c5 11. Bc2 Bb7 12. dxc5 Nxc5 13. Qe2 Rc8 14. a3 Nd5 15. Nxd5 Bxg5 16. Nb4 Bf6 17. Rab1 0-0 18. Nd3 Qb6 19. Nxc5 Qxc5 20. Rfc1 Qh5 21. Nd4 Qxe2 22. Nxe2 Rfd8 23. Ng3 g6 24. b3 h5 25. a4 h4 26. Nf1 b4 27. Bd1 Rc3 28. Be2 Be4 29. Rxc3 bxc3 30. Rc1 a5 31. f3 Bd5 32. Bd1 Rb8 33. e4 Bd4+ 34. Kh1 Bb7 35. Be2 f5 36. exf5 gxf5 37. Bd3 Bd5 38. Bc2 Rxb3 39. Bxb3 Bxb3 40. Ne3 Bxa4 41. Nc2 Be5 42. Na3 Bb3 43. Kg1 a4 44. Nb5 c2 45. Na3 Bb2 46. Rxc2 Bxa3 47. Rc7 Bb2 48. Rb7 Bd4+ 49. Kh1 a3 50. Rxb3 a2 51. Ra3 a1Q+ 52. Rxa1 Bxa1 53. Kg1 Kf7 54. g4 fxg4 55. fxg4 Kf6 56. Kg2 Kg5 57. h3 Kf4 0-1

[Event "SLO-chT2 East"]
[Site "Slovenia"]
[Date "2014.10.25"]
[Round "6"]
[White "Suta, Tomaz"]
[Black "Kolar, Branko"]
[Result "1/2-1/2"]
[WhiteElo "1491"]
[BlackElo "1841"]
[PlyCount "107"]
[EventDate "2014.09.13"]
[EventType "team-tourn"]
[EventRounds "9"]
[EventCountry "SLO"]
[SourceTitle "EXT 2019"]
[Source "ChessBase"]
[SourceDate "2018.10.10"]
[SourceVersion "1"]
[SourceVersionDate "2018.10.10"]
[SourceQuality "1"]
[WhiteTeam "Ptuj II"]
[BlackTeam "Fram"]
[WhiteTeamCountry "SLO"]
[BlackTeamCountry "SLO"]

1. e4 c6 2. d4 d5 3. Nc3 dxe4 4. Nxe4 Nd7 5. Nf3 Ngf6 6. Nc3 Nb6 7. Bg5 Bg4 8. Be2 e6 9. h3 Bh5 10. a3 Bd6 11. g4 Bg6 12. Ne5 Qc7 13. Bxf6 gxf6 14. Nxg6 fxg6 15. Ne4 Be7 16. Qd2 0-0-0 17. 0-0-0 e5 18. Qe3 exd4 19. Rxd4 Rxd4 20. Qxd4 Qf4+ 21. Qe3 Qxe3+ 22. fxe3 Nd5 23. Rf1 Rf8 24. Rf3 f5 25. c4 fxe4 26. Rxf8+ Bxf8 27. cxd5 cxd5 28. Bb5 Kc7 29. Be8 Kd6 30. Bf7 Ke5 31. Kd2 Be7 32. Ke2 a5 33. a4 d4 34. Bg8 h6 35. Bf7 g5 36. exd4+ Kxd4 37. b3 Ke5 38. Bc4 Bc5 39. Kf1 Kf4 40. Kg2 Ke3 41. Bb5 Kd2 42. Kf1 Ke3 43. Kg2 Kf4 44. Bc4 b6 45. Ba6 Ke3 46. Bb5 Kd2 47. Kf1 Bd6 48. Ba6 e3 49. Bc4 Kc3 50. Ke2 Kd4 51. Kf3 Bf4 52. Bg8 Kd3 53. Bc4+ Kc3 54. Ke2 1/2-1/2

[Event "SLO-chT2 East"]
[Site "Slovenia"]
[Date "2013.12.09"]
[Round "8"]
[White "Kolar, Branko"]
[Black "Kusic, Dalibor"]
[Result "1/2-1/2"]
[WhiteElo "1879"]
[BlackElo "1927"]
[PlyCount "72"]
[EventDate "2013.09.07"]
[EventType "team-tourn"]
[EventRounds "9"]
[EventCountry "SLO"]
[SourceTitle "EXT 2015"]
[Source "ChessBase"]
[SourceDate "2014.11.20"]
[SourceVersion "1"]
[SourceVersionDate "2014.11.20"]
[SourceQuality "1"]

1. d4 Nf6 2. Nf3 e6 3. Bg5 Be7 4. Nbd2 d5 5. e3 0-0 6. Bd3 c5 7. c3 b6 8. 0-0 Bb7 9. Ne5 Nbd7 10. f4 Ne4 11. Bxe7 Qxe7 12. Nxd7 Qxd7 13. Bxe4 dxe4 14. dxc5 Rfd8 15. Nb3 Qb5 16. Qc2 bxc5 17. Rad1 f5 18. c4 Qb6 19. Rf2 Rxd1+ 20. Qxd1 Ba6 21. Qc2 Qb4 22. Nd2 Rd8 23. b3 Rd3 24. Re2 Bb7 25. Kf2 a5 26. h3 e5 27. g3 exf4 28. gxf4 Bc6 29. Qb2 Qb8 30. Kf1 Qe8 31. Rg2 Rd7 32. Rg5 h6 33. Rg3 Qh5 34. Ke1 Qh4 35. Kf2 Qe7 36. Rg6 Qh4+ 1/2-1/2

[Event "SLO-chT2 East"]
[Site "Slovenia"]
[Date "2013.11.16"]
[Round "6"]
[White "Kolar, Branko"]
[Black "Flander, Nejc"]
[Result "0-1"]
[WhiteElo "1879"]
[BlackElo "1995"]
[PlyCount "54"]
[EventDate "2013.09.07"]
[EventType "team-tourn"]
[EventRounds "9"]
[EventCountry "SLO"]
[SourceTitle "EXT 2015"]
[Source "ChessBase"]
[SourceDate "2014.11.20"]
[SourceVersion "1"]
[SourceVersionDate "2014.11.20"]
[SourceQuality "1"]

1. d4 Nf6 2. Nf3 c5 3. c3 e6 4. Bg5 d5 5. e3 Qb6 6. Qc2 Ne4 7. Bh4 cxd4 8. exd4 Nc6 9. Nbd2 f5 10. Nxe4 fxe4 11. Nd2 e5 12. dxe5 Nxe5 13. Be2 Bc5 14. Bg3 Ng4 15. Bxg4 Bxg4 16. Nb3 0-0 17. Nxc5 Qxc5 18. 0-0 Rae8 19. h3 Bh5 20. Qd2 Rf6 21. Rae1 Ref8 22. Be5 Rg6 23. Bd4 Qd6 24. g3 Bf3 25. Kh2 Rh6 26. Qg5 Qd7 27. h4 Rf5 0-1

[Event "SLO-chT2 East"]
[Site "Slovenia"]
[Date "2013.10.26"]
[Round "5"]
[White "Kolar, Branko"]
[Black "Skuhala, Luka"]
[Result "1/2-1/2"]
[WhiteElo "1879"]
[BlackElo "1841"]
[PlyCount "83"]
[EventDate "2013.09.07"]
[EventType "team-tourn"]
[EventRounds "9"]
[EventCountry "SLO"]
[SourceTitle "EXT 2015"]
[Source "ChessBase"]
[SourceDate "2014.11.20"]
[SourceVersion "1"]
[SourceVersionDate "2014.11.20"]
[SourceQuality "1"]

1. d4 Nf6 2. Nf3 e6 3. Bg5 d5 4. Nbd2 Be7 5. e3 0-0 6. Bd3 Nbd7 7. 0-0 c5 8. c3 Qc7 9. Rc1 c4 10. Bb1 h6 11. Bh4 Re8 12. Qc2 Nf8 13. Ne5 N6d7 14. Bxe7 Rxe7 15. Ndf3 Nf6 16. Qe2 b5 17. Nd2 Bb7 18. f4 N6d7 19. Qh5 f6 20. Nxd7 Qxd7 21. Rf3 Qe8 22. Qh4 f5 23. Rg3 Kh8 24. Nf3 Rf7 25. Rh3 Ng6 26. Qh5 Rf6 27. Kh1 Ne7 28. Qh4 Ng6 29. Qf2 a5 30. Rg1 b4 31. g4 Kh7 32. g5 Rf8 33. gxh6 gxh6 34. Qg2 Rg8 35. Ng5+ Kg7 36. Rxh6 Kxh6 37. Qh3+ Kg7 38. Qh7+ Kf6 39. Qxb7 Qe7 40. Nh7+ Kf7 41. Ng5+ Kf6 42. Nh7+ 1/2-1/2

[Event "SLO-chT2 Ost"]
[Site "Slovenia"]
[Date "2010.10.09"]
[Round "7"]
[White "Kolar, Branko"]
[Black "Volcansek, Joze"]
[Result "1-0"]
[WhiteElo "1886"]
[BlackElo "1783"]
[PlyCount "91"]
[EventDate "2010.05.29"]
[EventType "team-tourn"]
[EventRounds "9"]
[EventCountry "SLO"]
[SourceTitle "EXT 2022"]
[Source "ChessBase"]
[SourceDate "2021.10.06"]
[SourceVersion "1"]
[SourceVersionDate "2021.10.06"]
[SourceQuality "1"]

1. d4 d5 2. Nf3 Nf6 3. Bg5 e6 4. e3 Be7 5. Nbd2 Nbd7 6. Bd3 c5 7. c3 h6 8. Bh4 Nh5 9. Bxe7 Qxe7 10. 0-0 Nhf6 11. Re1 0-0 12. Rc1 Qd6 13. Bb1 e5 14. e4 Re8 15. dxc5 Qxc5 16. Nb3 Qc6 17. exd5 Qxd5 18. Qxd5 Nxd5 19. Rcd1 N7f6 20. Nxe5 Nf4 21. Nd4 a6 22. Nf5 Bxf5 23. Bxf5 Rad8 24. Rxd8 Rxd8 25. g3 Ne6 26. Nxf7 Kxf7 27. Bxe6+ Kf8 28. Re2 g6 29. f4 Rd6 30. Bb3 b6 31. Re6 Rxe6 32. Bxe6 Ke7 33. Bc4 a5 34. Bd3 g5 35. fxg5 hxg5 36. h4 gxh4 37. gxh4 Nd5 38. Kf2 Kf6 39. Kf3 Ke5 40. h5 a4 41. a3 Nf4 42. h6 Nxd3 43. h7 Nxb2 44. h8Q+ Kd5 45. Qd4+ Kc6 46. c4 1-0

[Event "SLO-chT2 Ost"]
[Site "Slovenia"]
[Date "2010.09.25"]
[Round "5"]
[White "Carli, Lara"]
[Black "Kolar, Branko"]
[Result "1/2-1/2"]
[WhiteElo "1563"]
[BlackElo "1886"]
[PlyCount "172"]
[EventDate "2010.05.29"]
[EventType "team-tourn"]
[EventRounds "9"]
[EventCountry "SLO"]
[SourceTitle "EXT 2022"]
[Source "ChessBase"]
[SourceDate "2021.10.06"]
[SourceVersion "1"]
[SourceVersionDate "2021.10.06"]
[SourceQuality "1"]

1. d4 d5 2. c4 c6 3. Nc3 e6 4. a3 Nf6 5. Bf4 Be7 6. e3 Nbd7 7. Nf3 a6 8. Rc1 0-0 9. Qc2 dxc4 10. Bxc4 b5 11. Bd3 c5 12. dxc5 Nxc5 13. Rd1 Qb6 14. 0-0 Bb7 15. Nd4 Rac8 16. Qe2 Nxd3 17. Rxd3 Rfd8 18. Rfd1 Ne4 19. Nxe4 Bxe4 20. R3d2 b4 21. f3 Bg6 22. a4 Bf6 23. Nb3 Rxd2 24. Rxd2 Qc6 25. a5 e5 26. Bg3 Bc2 27. Nc1 e4 28. fxe4 Bxe4 29. Na2 Be7 30. Rd4 b3 31. Nc3 Bc2 32. Qd2 h6 33. Be5 Qe6 34. Bf4 g5 35. Bg3 Bc5 36. Bf2 Bxd4 37. exd4 Qf5 38. d5 Qd3 39. Qe1 Qg6 40. Bd4 Qd6 41. Qe2 Qf4 42. Be5 Qf5 43. Qxa6 Bd3 44. Qf6 Qxf6 45. Bxf6 Kf8 46. Kf2 Ke8 47. Ke3 Bf1 48. g3 Ra8 49. Bg7 h5 50. Bf6 Rxa5 51. Bxg5 Bg2 52. Kd4 Ra2 53. Bc1 Ra1 54. Bf4 Bf3 55. h4 Kd7 56. Kc5 Ra7 57. Kc4 Rb7 58. Na4 Be2+ 59. Kc3 Rb5 60. Be3 Kd6 61. Bf4+ Kd7 62. d6 Bg4 63. Kc4 Be2+ 64. Kc3 Kc6 65. Kd2 Bg4 66. Nc3 Rc5 67. Be3 Ra5 68. Ne4 Bf5 69. Nf6 Kxd6 70. Nxh5 Rd5+ 71. Ke1 Bg4 72. Nf6 Rd1+ 73. Kf2 Bf5 74. g4 Bd3 75. Bd4 Rh1 76. h5 Ke6 77. g5 Kf5 78. Kg2 Rh4 79. Be3 Be4+ 80. Kg3 Rh1 81. h6 Bc2 82. Kg2 Rxh6 83. gxh6 Kxf6 84. Kg3 Ke5 85. Bd2 Bg6 86. Kf3 Bh7 1/2-1/2

[Event "SLO-chT2 Ost"]
[Site "Slovenia"]
[Date "2010.09.25"]
[Round "6"]
[White "Kolar, Branko"]
[Black "Jeric, Pavle"]
[Result "1-0"]
[WhiteElo "1886"]
[BlackElo "1764"]
[PlyCount "54"]
[EventDate "2010.05.29"]
[EventType "team-tourn"]
[EventRounds "9"]
[EventCountry "SLO"]
[SourceTitle "EXT 2022"]
[Source "ChessBase"]
[SourceDate "2021.10.06"]
[SourceVersion "1"]
[SourceVersionDate "2021.10.06"]
[SourceQuality "1"]

1. d4 d6 2. Nf3 Nf6 3. Bg5 Nbd7 4. e3 e5 5. Nbd2 Be7 6. Bd3 0-0 7. c3 b6 8. Qc2 Bb7 9. Rd1 Re8 10. 0-0 Rc8 11. dxe5 dxe5 12. Bf5 Bd6 13. Bxh7+ Kh8 14. Bf5 g6 15. Bh3 Kg7 16. Qa4 Rh8 17. Bxd7 Rh5 18. Bxc8 Qxc8 19. Bxf6+ Kxf6 20. Ne4+ Kg7 21. Ng3 Bxf3 22. gxf3 Rh3 23. Kg2 Rh7 24. Qg4 f5 25. Nxf5+ Kh8 26. Nxd6 Qg8 27. Ne4 Rh5 1-0

[Event "SLO-chT2 Ost"]
[Site "Slovenia"]
[Date "2010.05.29"]
[Round "1"]
[White "Kolar, Branko"]
[Black "Obersnel, Jan"]
[Result "1-0"]
[WhiteElo "1886"]
[BlackElo "1542"]
[PlyCount "91"]
[EventDate "2010.05.29"]
[EventType "team-tourn"]
[EventRounds "9"]
[EventCountry "SLO"]
[SourceTitle "EXT 2022"]
[Source "ChessBase"]
[SourceDate "2021.10.06"]
[SourceVersion "1"]
[SourceVersionDate "2021.10.06"]
[SourceQuality "1"]

1. d4 c5 2. c3 cxd4 3. cxd4 d5 4. Nc3 Nf6 5. Nf3 g6 6. Qb3 Bg7 7. Bf4 a6 8. e3 Nc6 9. Bd3 Qa5 10. a3 0-0 11. h3 b5 12. 0-0 Rd8 13. Rac1 Bb7 14. Rc2 Rac8 15. Rfc1 e6 16. Nd2 Ne8 17. Qa2 Nd6 18. Nb3 Qb6 19. Nc5 Nc4 20. b4 Bf8 21. Be2 Bd6 22. Bxd6 Rxd6 23. Bf3 Kg7 24. Qa1 h5 25. Ne2 Ne7 26. a4 Nf5 27. a5 Qc7 28. Nf4 Qe7 29. g3 Rc7 30. Kh2 Rd8 31. Rg1 Rh8 32. Re2 Ncd6 33. Rge1 Qf6 34. Bg2 Rh7 35. f3 Rh6 36. e4 h4 37. Nxd5 hxg3+ 38. Kg1 exd5 39. e5 Qd8 40. exd6 Qxd6 41. Nxb7 Rxb7 42. Qb1 Rh4 43. Re8 Rxd4 44. Qc1 Rd2 45. Qa1+ Qf6 46. Rg8+ 1-0

[Event "SLO-chT2 Ost"]
[Site "Maribor"]
[Date "2009.11.14"]
[Round "9"]
[White "Vidrih, Jana"]
[Black "Kolar, Branko"]
[Result "1/2-1/2"]
[WhiteElo "1717"]
[BlackElo "1879"]
[PlyCount "43"]
[EventDate "2009.05.30"]
[EventType "team-tourn"]
[EventRounds "9"]
[EventCountry "SLO"]
[SourceTitle "EXT 2022"]
[Source "ChessBase"]
[SourceDate "2021.10.06"]
[SourceVersion "1"]
[SourceVersionDate "2021.10.06"]
[SourceQuality "1"]

1. d4 d5 2. Bf4 Nf6 3. e3 c6 4. c3 Bf5 5. Nf3 Nbd7 6. Be2 Qb6 7. Qb3 e6 8. Nh4 Qxb3 9. axb3 Bc2 10. Nd2 h6 11. Nhf3 Nh5 12. 0-0 Nxf4 13. exf4 Bd6 14. g3 0-0 15. Ne5 Rfd8 16. b4 Nb6 17. Nd3 Nd7 18. Rfc1 Bxd3 19. Bxd3 a6 20. Re1 Re8 21. Nf3 Rad8 22. Rad1 1/2-1/2

[Event "SLO-chT2 East"]
[Site "Brezice Maribor"]
[Date "2008.10.18"]
[Round "7"]
[White "Kolar, Branko"]
[Black "Supancic, Robert"]
[Result "0-1"]
[WhiteElo "1879"]
[BlackElo "1986"]
[PlyCount "102"]
[EventDate "2008.10.24"]
[EventType "team-tourn"]
[EventRounds "9"]
[EventCountry "SLO"]
[SourceTitle "EXT 2010"]
[Source "ChessBase"]
[SourceDate "2010.11.25"]
[SourceVersion "1"]
[SourceVersionDate "2010.11.25"]
[SourceQuality "1"]

1. d4 d6 2. Nf3 g6 3. Bg5 Bg7 4. c3 Nd7 5. Nbd2 Rb8 6. e3 Ngf6 7. Bd3 0-0 8. Qc2 b5 9. 0-0 c5 10. c4 b4 11. Rad1 h6 12. Bh4 g5 13. Bg3 Nh5 14. Bf5 Qb6 15. Nb3 Nxg3 16. hxg3 e6 17. Bd3 a5 18. dxc5 dxc5 19. Nbd2 g4 20. Nh4 Ne5 21. b3 Nxd3 22. Qxd3 Bb7 23. Qe2 f5 24. e4 Kh7 25. e5 Rbd8 26. Rfe1 Rf7 27. f4 gxf3 28. gxf3 Rfd7 29. f4 Qc6 30. Ndf3 Bf8 31. Kf2 a4 32. Qc2 a3 33. g4 Rxd1 34. Rxd1 Rxd1 35. Qxd1 fxg4 36. Qd3+ Qe4 37. Qxe4+ Bxe4 38. Nd2 Bd3 39. Ke3 Bc2 40. Ng2 h5 41. Kf2 Be7 42. Kg3 Kg6 43. Ne3 Bf5 44. Ng2 Bd8 45. Ne3 h4+ 46. Kg2 Be7 47. Kh2 Bf8 48. Ng2 Kh5 49. Ne3 Bh6 50. Nxf5 Bxf4+ 51. Kg1 exf5 0-1

[Event "SLO-chT2 East"]
[Site "Brezice Maribor"]
[Date "2008.10.18"]
[Round "8"]
[White "Novak, Stane"]
[Black "Kolar, Branko"]
[Result "0-1"]
[WhiteElo "1850"]
[BlackElo "1879"]
[PlyCount "90"]
[EventDate "2008.10.24"]
[EventType "team-tourn"]
[EventRounds "9"]
[EventCountry "SLO"]
[SourceTitle "EXT 2010"]
[Source "ChessBase"]
[SourceDate "2010.11.25"]
[SourceVersion "1"]
[SourceVersionDate "2010.11.25"]
[SourceQuality "1"]

1. e4 e6 2. d4 b6 3. Nc3 Bb7 4. Nf3 Nf6 5. Bg5 Be7 6. Bd3 h6 7. Bh4 c5 8. 0-0 0-0 9. e5 Nd5 10. Bxe7 Qxe7 11. Nb5 Nc6 12. Nd6 Rab8 13. c4 Nf4 14. Be4 f5 15. Bc2 Nxd4 16. Nxb7 Nxc2 17. Qxc2 Rxb7 18. Rad1 Rd8 19. Rd6 g5 20. g3 Nh3+ 21. Kg2 g4 22. Nh4 Ng5 23. f3 Nf7 24. Qe2 Nxd6 25. exd6 Qg7 26. fxg4 Qxg4 27. Qd2 Kh7 28. Rf4 Qg7 29. Nf3 Rg8 30. Rh4 Qf6 31. Rh5 Rbb8 32. h4 Rg4 33. Ne5 Rg7 34. Nf3 f4 35. Ng5+ Kg8 36. Ne4 Qg6 37. Qxf4 Rf8 38. Qe5 Rf5 39. Rxf5 Qxf5 40. Nf6+ Kf8 41. Qc3 Rf7 42. Nxd7+ Rxd7 43. Qh8+ Kf7 44. Qxh6 Rxd6 45. h5 Rd4 0-1

[Event "SLO-chT2 East"]
[Site "Brezice Maribor"]
[Date "2008.09.13"]
[Round "5"]
[White "Kosak, Marjan"]
[Black "Kolar, Branko"]
[Result "1/2-1/2"]
[WhiteElo "1804"]
[BlackElo "1879"]
[PlyCount "48"]
[EventDate "2008.10.24"]
[EventType "team-tourn"]
[EventRounds "9"]
[EventCountry "SLO"]
[SourceTitle "EXT 2010"]
[Source "ChessBase"]
[SourceDate "2010.11.25"]
[SourceVersion "1"]
[SourceVersionDate "2010.11.25"]
[SourceQuality "1"]

1. c4 e6 2. Nc3 b6 3. Nf3 Bb7 4. g3 f5 5. d4 Nf6 6. Bg2 Be7 7. 0-0 0-0 8. Qc2 Ne4 9. a3 d5 10. cxd5 Nxc3 11. bxc3 Bxd5 12. Rd1 Nc6 13. e3 Na5 14. Nd2 Bxg2 15. Kxg2 Qd5+ 16. Kg1 c5 17. c4 Qc6 18. Bb2 Bf6 19. Rac1 Rac8 20. Nb3 Nxb3 21. Qxb3 Qe4 22. d5 Bxb2 23. Qxb2 Rfd8 24. dxe6 Qxe6 1/2-1/2

[Event "SLO-chT2 East"]
[Site "Brezice Maribor"]
[Date "2008.06.07"]
[Round "3"]
[White "Kolar, Branko"]
[Black "Oresek, Branko"]
[Result "1/2-1/2"]
[WhiteElo "1879"]
[BlackElo "1808"]
[PlyCount "47"]
[EventDate "2008.10.24"]
[EventType "team-tourn"]
[EventRounds "9"]
[EventCountry "SLO"]
[SourceTitle "EXT 2010"]
[Source "ChessBase"]
[SourceDate "2010.11.25"]
[SourceVersion "1"]
[SourceVersionDate "2010.11.25"]
[SourceQuality "1"]

1. d4 Nf6 2. Nf3 d5 3. Bg5 e6 4. e3 Be7 5. Nbd2 Nbd7 6. Bd3 c5 7. c3 b6 8. Qa4 c4 9. Qc6 Ba6 10. Be2 Qc8 11. Qa4 b5 12. Qc2 Bb7 13. 0-0 0-0 14. Ne5 Re8 15. f4 Ne4 16. Nxe4 dxe4 17. Bxe7 Rxe7 18. a4 a6 19. axb5 axb5 20. b3 Nxe5 21. fxe5 Bd5 22. bxc4 bxc4 23. Ra4 Rea7 24. Rfa1 1/2-1/2

[Event "SLO-chT2 East"]
[Site "Brezice Maribor"]
[Date "2007.05.26"]
[Round "1"]
[White "Kolar, Branko"]
[Black "Zlender, Boris"]
[Result "1/2-1/2"]
[WhiteElo "1856"]
[BlackElo "1959"]
[PlyCount "90"]
[EventDate "2007.05.26"]
[EventType "team-tourn"]
[EventRounds "9"]
[EventCountry "SLO"]
[SourceTitle "EXT 2010"]
[Source "ChessBase"]
[SourceDate "2010.11.25"]
[SourceVersion "1"]
[SourceVersionDate "2010.11.25"]
[SourceQuality "1"]

1. d4 Nf6 2. Nf3 d5 3. Bg5 Ne4 4. Bh4 c6 5. c3 Bf5 6. Qb3 Qb6 7. Qxb6 axb6 8. e3 e6 9. Nbd2 Nd7 10. Nxe4 Bxe4 11. Nd2 Bg6 12. Bg3 Be7 13. Be2 Nf6 14. Be5 Kd7 15. g4 Ne8 16. h4 h5 17. g5 f6 18. Bf4 fxg5 19. hxg5 Bd6 20. Bxd6 Nxd6 21. Nf3 Be4 22. Ne5+ Ke7 23. Rh4 Bf5 24. Rxh5 Ne4 25. Bg4 Rxh5 26. Bxh5 Rh8 27. Bf3 Nxg5 28. Ke2 Nf7 29. Nxf7 Kxf7 30. Rh1 Re8 31. Bh5+ Bg6 32. f4 Bxh5+ 33. Rxh5 Kg6 34. Rh2 Rf8 35. Kf3 Kf6 36. Kg4 Kg6 37. Rh5 Ra8 38. a3 Rf8 39. Rg5+ Kf6 40. Rh5 Kg6 41. Re5 Rh8 42. Rg5+ Kf6 43. Kf3 Rh7 44. Rg2 Rh8 45. Ke2 b5 1/2-1/2